ბათუმის შოთა რუსთაველის სახელმწიფო უნივერსიტეტის ბიბლიოთეკა

დიდ მოლეკულათა სამყაროში (ბიბ.ჩანაწერი № 44516)

000 -LEADER
fixed length control field 00803nam a2200205Ia 4500
001 - CONTROL NUMBER
control field 11319
003 - CONTROL NUMBER IDENTIFIER
control field GE_BSU
008 - FIXED-LENGTH DATA ELEMENTS--GENERAL INFORMATION
fixed length control field 181216s||||||||xx |||||||||||||| ||und||
040 ## - CATALOGING SOURCE
Transcribing agency GE_BSU
080 ## - UNIVERSAL DECIMAL CLASSIFICATION NUMBER
Universal Decimal Classification number 517.9
100 ## - MAIN ENTRY--PERSONAL NAME
Personal name როზენი ბ.ი.
245 ## - TITLE STATEMENT
Title დიდ მოლეკულათა სამყაროში
245 ## - TITLE STATEMENT
Statement of responsibility, etc. რედ: ვ.დ. გიოშვილი, მთარგმ. ვ.შ. კობიაშვილი, ც.ი. ანდღულაძე, ა.გ. სოლოღაშვილი მხატვ:ა. კანდელაკი
260 ## - PUBLICATION, DISTRIBUTION, ETC.
Place of publication, distribution, etc. თბილისი
260 ## - PUBLICATION, DISTRIBUTION, ETC.
Name of publisher, distributor, etc. ცოდნა
260 ## - PUBLICATION, DISTRIBUTION, ETC.
Date of publication, distribution, etc. 1958
300 ## - PHYSICAL DESCRIPTION
Extent 253გვ.25სმ.
653 ## - INDEX TERM--UNCONTROLLED
Uncontrolled term დიდ მოლეკულათა სამყაროში
942 ## - ADDED ENTRY ELEMENTS (KOHA)
Koha item type წიგნი

არაა ხელმისაწვდომი ეგზემპლარები.